Quiz About Nothing Stats

 Plays Quiz Updated Sep 26, 2018

Challenge
Share
Tweet
Embed
Score 0/17 Timer 04:00
2 Plays Today
Clue 'Zero' Phrase % Correct
A common name for the location of the former World Trade Centerground zero
90%
No calorie soda launched in 2006Coca-Cola Zero
88.9%
This is what astronauts experience in spacezero gravity
88.7%
A policy of automatic punishment for rule infractions in schools and workplaceszero tolerance
77.4%
This is -273.15 degrees Celsiusabsolute zero
71.2%
Focus attention toward an objectivezero in (on)
66.5%
2012 movie about finding Osama bin LadenZero Dark Thirty
65.9%
The time when a military action is expected to startzero hour
56.2%
Atmospheric conditions that prevent navigation by eyezero visibility
54.9%
Clue 'Zero' Phrase % Correct
A brand of freezers or a Mortal Kombat characterSub-Zero
50.2%
An internet service provider based in CaliforniaNetZero
41.8%
The first case in an outbreak of disease, as in AIDSpatient zero
35.6%
A situation when a gain for some results in a loss for otherszero-sum
25.3%
Actor who played Tevye and Max BialystockZero Mostel
19.5%
Bret Easton Ellis' first published novel Less Than Zero
10.2%
British duo who sang 'In The Waiting Line'Zero 7
5.6%
Ben Stiller and Bill Pullman detective filmZero Effect
3.4%

You're not logged in!

Compare scores with friends on all Sporcle quizzes.
OR
Log In

You Might Also Like...

Show Comments

Extras

Top Quizzes Today


Score Distribution

Your Account Isn't Verified!

In order to create a playlist on Sporcle, you need to verify the email address you used during registration. Go to your Sporcle Settings to finish the process.

Report this User

Report this user for behavior that violates our Community Guidelines.

Details: